| 000 | 01299cam a22003254a 4500 | ||
|---|---|---|---|
| 999 |
_c1314 _d1314 |
||
| 001 | 12841471 | ||
| 003 | GZU | ||
| 005 | 20201006123646.0 | ||
| 008 | 020702s2003 enka b 001 0 eng | ||
| 010 | _a 2002109391 | ||
| 020 | _a0761971092 (pbk.) | ||
| 035 | _a(DLC) 2002109391 | ||
| 040 |
_aDLC _cDLC _dDLC |
||
| 042 | _apcc | ||
| 050 | 0 | 0 |
_aH62 _b.QUA 2003 |
| 245 | 0 | 0 |
_aQualitative research practice : _ba guide for social science students and researchers / _cedited by Jane Ritchie and Jane Lewis. |
| 260 |
_aLondon ; _aThousand Oaks, Calif. : _bSage Publications, _c2003. |
||
| 300 |
_axv, 336 p. : _bill. ; _c25 cm. |
||
| 504 | _aIncludes bibliographical references (p. [321]-330) and index. | ||
| 650 | 0 |
_aSocial sciences _xResearch. |
|
| 650 | 0 |
_aSocial sciences _xMethodology. |
|
| 650 | 0 | _aQualitative research. | |
| 700 | 1 |
_aRitchie, Jane. _eeditor |
|
| 700 | 1 |
_aLewis, Jane, _d1962- _eeditor |
|
| 856 | 4 | 1 |
_3Table of contents only _uhttp://www.loc.gov/catdir/toc/fy037/2002109391.html |
| 856 | 4 | 2 |
_3Publisher description _uhttp://www.loc.gov/catdir/enhancements/fy0658/2002109391-d.html |
| 906 |
_a7 _bcbc _corignew _d2 _eepcn _f20 _gy-gencatlg |
||
| 942 |
_2lcc _cBK _h62 _iRIT _kH |
||